01004nji a22002537a 45000050016000000060019000160070015000350080041000500280020000910350013001110400013001241000013001372450122001502460086002722600031003583000096003895000017004855000029005025050132005316000021006636500031006847000021007157000014007362010091705495.0a|||||r|||||00| 0 sd ammalaaahaa100830t xxu||||| |||| 00| 0 eng d aPEASD.2048bEMI aGR-03274 aSEDcSED aYash Raj aSilsila /cby Yash Raj Films; sung by Lata Mangeshkar [and] Amitabh Bachchan; music by Shiv-Harih[sound recording] : aसिलसिला / यश राज फिल्म्स द्वारा aDum Dum, India bEMIc1981 a1 sound disc [Gramophone Recording]:banalog, 33 1/3 rpm c12.5 in. (LP)fGramophone Record aBrief Record aRecord labels : EMI, Red aSide-1 (Ye kahan aa gae ham) (Lata Mangeshkar [and] Amitabh Bachchan) Side-2 (Sar se sarke) (Lata Mangeshkar and kishore Kumar) aMangeshkar, Lata aFilm SongzIndiaxExcerpts aAmitabh Bachchan aShiv-Hari